The spaces in between : (Record no. 200129594)
[ view plain ]
| 000 -LEADER | |
|---|---|
| fixed length control field | 00853 a2200265 4500 |
| 001 - CONTROL NUMBER | |
| control field | 200129594 |
| 003 - CONTROL NUMBER IDENTIFIER | |
| control field | TR-AnTOB |
| 005 - DATE AND TIME OF LATEST TRANSACTION | |
| control field | 20231204120630.0 |
| 008 - FIXED-LENGTH DATA ELEMENTS--GENERAL INFORMATION | |
| fixed length control field | 130529s1973 xxu 001 0 |
| 020 ## - INTERNATIONAL STANDARD BOOK NUMBER | |
| International Standard Book Number | 0395154685 |
| 040 ## - CATALOGING SOURCE | |
| Original cataloging agency | TR-AnTOB |
| 041 ## - LANGUAGE CODE | |
| Language code of text/sound track or separate title | İngilizce |
| 050 #0 - LIBRARY OF CONGRESS CALL NUMBER | |
| Classification number | NA737.O94 |
| Item number | S63 1973 |
| 090 ## - LOCALLY ASSIGNED LC-TYPE CALL NUMBER (OCLC); LOCAL CALL NUMBER (RLIN) | |
| Classification number (OCLC) (R) ; Classification number, CALL (RLIN) (NR) | NA737.O94 S63 1973 |
| 100 1# - MAIN ENTRY--PERSONAL NAME | |
| Personal name | Owings, Nathaniel Alexander, |
| Dates associated with a name | 1903-1984 |
| 9 (RLIN) | 89990 |
| 245 14 - TITLE STATEMENT | |
| Title | The spaces in between : |
| Remainder of title | an architect's journey / |
| Statement of responsibility, etc. | Nathaniel Alexander Owings. |
| 264 #1 - PRODUCTION, PUBLICATION, DISTRIBUTION, MANUFACTURE, AND COPYRIGHT NOTICE | |
| Place of production, publication, distribution, manufacture | Boston : |
| Name of producer, publisher, distributor, manufacturer | Houghton Mifflin, |
| Date of production, publication, distribution, manufacture, or copyright notice | 1973. |
| 300 ## - PHYSICAL DESCRIPTION | |
| Extent | xiv, 303 sayfa: |
| Other physical details | resim ; |
| Dimensions | 23 cm |
| 504 ## - BIBLIOGRAPHY, ETC. NOTE | |
| Bibliography, etc. note | |
| 600 10 - SUBJECT ADDED ENTRY--PERSONAL NAME | |
| Personal name | Owings, Nathaniel Alexander, |
| Dates associated with a name | 1903-1984 |
| 9 (RLIN) | 89990 |
| 650 #7 - SUBJECT ADDED ENTRY--TOPICAL TERM | |
| Topical term or geographic name entry element | Mimarlar |
| Geographic subdivision | Amerika Birleşik Devletleri |
| Form subdivision | Biyografi |
| Source of heading or term | etuturkob |
| 9 (RLIN) | 89992 |
| Topical term or geographic name entry element | Architects |
| Geographic subdivision | United States |
| Form subdivision | Biography |
| 9 (RLIN) | 89991 |
| 942 ## - ADDED ENTRY ELEMENTS (KOHA) | |
| Koha item type | Book |
| Withdrawn status | Lost status | Source of classification or shelving scheme | Not for loan | Collection code | Home library | Current library | Shelving location | Date acquired | Source of acquisition | Cost, normal purchase price | Serial Enumeration / chronology | Inventory number | Total Checkouts | Total Renewals | Total Holds | Full call number | Barcode | Date last seen | Date last checked out | Copy number | Cost, replacement price | Date shelved | Koha item type |
|---|---|---|---|---|---|---|---|---|---|---|---|---|---|---|---|---|---|---|---|---|---|---|---|
| Ödünç Verilebilir / Available | Genel Koleksiyon | Merkez Kütüphane | Merkez Kütüphane | Genel Koleksiyon / Main Collection | 29/05/2013 | Satın Alma / Purchase | 0.00 | 1 | MİM | 3 | 3 | NA737.O94 S63 1973 | 0042108 | 09/07/2023 | 10/05/2023 | 1 | 108.55 | 23/05/2013 | Book |
